000 01021nam a22002057a 4500
003 BUBTL
008 230611b ||||| |||| 00| 0 eng d
020 _a9789843500076
082 _a346/ Ah52c/ 2021
100 _95334
_a আহমেদ, এম আলী
245 _aচেক ডিসঅনার সংক্রান্ত মামলার বিচার পদ্ধতি :
_b(ড্রাফটিং, জেরা ও জবানবন্দিসহ) /
_cএম আলী আহমেদ
250 _a1st ed.
260 _aঢাকা:
_bজুডিকেচার পাবলিকেশন,
_cc2021
300 _axviii, 437 p.:
_c22 cm.
505 _aচেক ডিসঅনার সংক্রান্ত মামলার বিচার পদ্ধতি, চেক ডিসঅনার, ড্রাফটিং, জেরা, এম আলী আহমেদ, Law
650 0 _926
_aLaw
856 _k0
_l0
_yDownload
942 _2ddc
_cBK
999 _c7055
_d7055